000 00436pab a2200157 454500
008 180718b2006 xxu||||| |||| 00| 0 eng d
100 _aEes, Hans Van
245 _aTransition economics and trust building: a network perspective on EU enlargement
260 _c2006
300 _ap.923-39.
362 _aNov
650 _aEuropean union
700 _aBachmann, Reinhard
773 _aCambridge Journal of Economics
909 _a72243
999 _c72243
_d72243